Southville International School and Colleges
Your cart is empty.
  • Cart
  • Lists
    Public lists Eva Luna New books Lux_list list_1
    Your lists Log in to create your own lists
  • Log in to your account
  • Your cookies
  • Search history
Southville International School and Colleges
  • Advanced search
  • Recent comments
  • Most popular
  • Libraries

Log in to your account

Log in with GOOGLE


If you do not have an external account, but do have a local account, you can still log in:

  1. Home
  2. MARC view: Time management in an instant. /
Normal view MARC view ISBD view

Time management in an instant. / (Record no. 23300)

[ view plain ]
MARC details
000 -LEADER
fixed length control field 00550nam a2200205 a 4500
005 - DATE AND TIME OF LATEST TRANSACTION
control field 20140310183448.0
008 - FIXED-LENGTH DATA ELEMENTS--GENERAL INFORMATION
fixed length control field 081127s19uu xx 00 eng d
020 ## - INTERNATIONAL STANDARD BOOK NUMBER
International Standard Book Number 978-60163-014-8
050 ## - LIBRARY OF CONGRESS CALL NUMBER
Classification number HD 69.T54
Item number .L45 2008
100 ## - MAIN ENTRY--PERSONAL NAME
Personal name Leland, Karen
245 ## - TITLE STATEMENT
Title Time management in an instant. /
260 ## - PUBLICATION, DISTRIBUTION, ETC. (IMPRINT)
Place of publication, distribution, etc New Jersey :
Name of publisher, distributor, etc Career Press,
Date of publication, distribution, etc 2008.
300 ## - PHYSICAL DESCRIPTION
Extent 160 p. :
Other physical details ill. ;
Dimensions 21 cm.
521 ## - TARGET AUDIENCE NOTE
Target audience note
650 ## - SUBJECT ADDED ENTRY--TOPICAL TERM
Topical term or geographic name as entry element Time management.
650 ## - SUBJECT ADDED ENTRY--TOPICAL TERM
Topical term or geographic name as entry element Quality of work life.
700 ## - ADDED ENTRY--PERSONAL NAME
Personal name Bailey, Keith
942 ## - ADDED ENTRY ELEMENTS (KOHA)
Koha item type Books
Source of classification or shelving scheme Library of Congress Classification
Call number prefix Foreign
Holdings
Withdrawn status Lost status Source of classification or shelving scheme Damaged status Home library Current library Shelving location Date acquired Source of acquisition Total Checkouts Full call number Barcode Date last seen Date checked out Copy number Price effective from Koha item type
    Library of Congress Classification   College Library College Library General Circulation Section 01/18/2014 Donation 1 HD 69.T54 .L45 2008 C9965 05/15/2018 08/19/2014 1 01/18/2014 Books

Time management in an instant. /

APA

Leland K., Bailey K., . (2008). Time management in an instant. New Jersey: Career Press.

Chicago

Leland Karen, Bailey Keith, . 2008. Time management in an instant. New Jersey: Career Press.

Harvard

Leland K., Bailey K., . (2008). Time management in an instant. New Jersey: Career Press.

MLA

Leland Karen, Bailey Keith, . Time management in an instant. New Jersey: Career Press. 2008.

  • Place hold
  • Print
  • Cite
  • Add to your cart (remove)
  • Save record
    BIBTEX Dublin Core MARCXML MARC (non-Unicode/MARC-8) MARC (Unicode/UTF-8) MARC (Unicode/UTF-8, Standard) MODS (XML) RIS
  • More searches
    Search for this title in:
    Other Libraries (WorldCat) Other Databases (Google Scholar) Online Stores (Bookfinder.com) Open Library (openlibrary.org)

Exporting to Dublin Core...

SOUTHVILLE LIBRARY

Southville International School and Colleges Library

1281 Tropical Ave. Cor. Luxembourg St., BF Homes International, Las Pinas City

Tel. No. 8256374 / 252358 Loc. 117/146

Powered by Koha